LEADER 01446nam a2200217 4500 001 000000341499 003 CaOOAMICUS 005 20200813152853.0 008 200813s1779 sz a 000 u fre r 026 $aE.S. s.ux n-r- brso (3) 1779 (R) 040 $aSeMil$bita 245 00$aTome 10. Contenant les deux premieres sections de la seconde partie du traité des pêches. 264 1$aA Neuchatel :$bDe l'Imprimerie de la Société typographique,$c1779. 300 $a[2], 550 p., [22] carte di tav. :$bill. calcogr. ;$cfol. 500 $aSegn.: ?²(-?²) A-3Y?(-3Y?) 3Z? 773 0 $aAcademie des sciences $tDescriptions des arts et métiers faites ou approuvées. Par Messieurs de l'Académie Royale des Sciences de Paris ... Par J. E. Bertrand ... Tome 1. [-20.].$dA Neuchatel : De l'Imprimerie de la Société typographique, 1771-1783.$bNouvelle edition publiée avec des observations, & augmentée de tout ce qui a été écrit de mieux sur ces matieres, en Allemagne, en Angleterre, en Suisse, en Italie$g10$w()341494 850 $aSeMil 852 $aSeMil$W1$xVenegono$y1$m3W VI 118 FA$j220613$B232501$CSeMilBibl$Z2$F232501 $8I 996 $6245$aTome 10. Contenant les deux premieres sections de la seconde partie du traité des pêches$9(OLS)http://semarc/title/430488 996 $6264$aA Neuchatel :$bDe l'Imprimerie de la Société typographique$9(OLS)http://semarc/publisher/56419 LEADER 00683nam a2200169 i 4500 001 000000008147 003 CaOOAMICUS 005 20180830125439.0 008 180830s1998 it u000 u ita u 040 $aSeMil$bita 245 10$aFonti storico-spirituali dei servi di Santa Maria. 260 $aSotto il Monte (BG) :$bServitium,$c1998-[19--]?. 300 $av. ;$c20 cm. 650 4$aOrdine dei Servi di Maria - Fonti.$0(OLS)http://semarc/subject/1307 774 0 $tDal 1245 al 1348.$z88-8166-073-3$g1$w()110718 996 $6245$aFonti storico-spirituali dei servi di Santa Maria$9(OLS)http://semarc/title/10840 996 $6260$aSotto il Monte (BG) :$bServitium$9(OLS)http://semarc/publisher/32220